Online
Catalog

José Batlle Filbá : (Record no. 9715)

MARC details
000 -CABECERA
campo de control de longitud fija 01455nam a2200289 a 4500
001 - NÚMERO DE CONTROL
campo de control 000009956
005 - FECHA Y HORA DE LA ÚLTIMA TRANSACCIÓN
campo de control 20250128193628.0
008 - DATOS DE LONGITUD FIJA--INFORMACIÓN GENERAL
campo de control de longitud fija 091002s2007 dr ac 001 0 spa d
020 ## - NÚMERO INTERNACIONAL ESTÁNDAR DEL LIBRO
Número Internacional Estándar del Libro 9789945406573
040 ## - FUENTE DE LA CATALOGACIÓN
Centro catalogador/agencia de origen DO-SdBNP
Lengua de catalogación spa
Centro/agencia transcriptor BNPHU
082 ## - NÚMERO DE LA CLASIFICACIÓN DECIMAL DEWEY
Número de clasificación xxxx
Número de documento/Ítem E774J
049 ## - FONDOS LOCALES (OCLC)
Fondos de biblioteca BNPD
100 1# - ENTRADA PRINCIPAL--NOMBRE DE PERSONA
Nombre de persona Espinal Hernández, Edwin,
Fechas asociadas al nombre 1971-
9 (RLIN) 8396
245 10 - MENCIÓN DE TÍTULO
Título José Batlle Filbá :
Resto del título del Maresme catalán al Cibao dominicano /
Mención de responsabilidad, etc. Edwin Espinal Hernández ;presentación Gustavo A. Tavarez E.
260 ## - PUBLICACIÓN, DISTRIBUCIÓN, ETC.
Lugar de publicación, distribución, etc. Santo Domingo :
Nombre del editor, distribuidor, etc. Instituto Dominicano de Genialogía,
Fecha de publicación, distribución, etc. 2007.
300 ## - DESCRIPCIÓN FÍSICA
Extensión 203 p. :
Otras características físicas il., retrs. ;
Dimensiones 28.
490 1# - MENCIÓN DE SERIE
Mención de serie Historia familiar
Designación de volumen o secuencia 4
500 ## - NOTA GENERAL
Nota general Fuente fotografícas Archivo históricode Santiago
500 ## - NOTA GENERAL
Nota general Incluye índice
500 ## - NOTA GENERAL
Nota general Incluye referencias bibliográficas y notas al pie de las páginas
500 ## - NOTA GENERAL
Nota general González Hernández (reporte genialógico)
500 ## - NOTA GENERAL
Nota general Incluye datos biográficos del autor en la solapa
504 ## - NOTA DE BIBLIOGRAFÍA, ETC.
Nota de bibliografía, etc. Incluye bibliografía (p. 197 -199)
505 2# - NOTA DE CONTENIDO CON FORMATO
Nota de contenido con formato Abreviaturas -- Presentación -- Introducción -- Cronología -- Estampas -- Capítulo I -- Capítulo II -- Capítulo III -- Capítulo IV -- Capítulo V -- Capítulo VI -- Capítulo VII -- Capítulo VIII -- Capítulo IX -- Capítulo X -- Anexos Iconografía de la familia Batlle Espaillar -- Descendencia de José Batlle Filbá -- Puentes y bibliografía.
700 1# - PUNTO DE ACCESO ADICIONAL--NOMBRE DE PERSONA
Nombre de persona Tavarez E., Gustavo A.
9 (RLIN) 24903
830 #0 - PUNTO DE ACCESO ADICIONAL DE SERIE-TÍTULO UNIFORME
Título uniforme Historia familiar
Número de parte o sección de la obra 4
9 (RLIN) 24904
Holdings
Estado de retiro Estado de pérdida Restricciones de uso No para préstamo Código de colección Localización permanente Ubicación/localización actual Ubicación en estantería Fecha de adquisición Número de inventario Total de préstamos Signatura topográfica completa Código de barras Fecha visto por última vez Número de copia Precio válido a partir de Tipo de ítem Koha
        Dominicana de Servicio General General En catalogación 14.02.2011 LF1   xxxx E774J 9956-30 25.06.2020 e. 3 25.06.2020 Libro y Folleto Colección Dominicana de Servicio
        Dominicana de Servicio General General En catalogación 14.02.2011 LF1   xxxx E774J 9956-40 25.06.2020 e. 4 25.06.2020 Libro y Folleto Colección Dominicana de Servicio
      Excluido de préstamo Patrimonio Dominicano Patrimonio Dominicano Patrimonio Dominicano En catalogación 02.10.2009 LF1   xxxx E774J 9956-10 25.06.2020   25.06.2020 Libro y Folleto Colección Patrimonio Dominicano
      Excluido de préstamo Patrimonio Dominicano Patrimonio Dominicano Patrimonio Dominicano En catalogación 29.04.2011 LF1   xxxx E774J 9956-20 25.06.2020 e. 2 25.06.2020 Libro y Folleto Colección Patrimonio Dominicano

Powered by Koha